|
|
|
|
| LEADER |
00000nab a2200000 a 4500 |
| 001 |
vtls009515109 |
| 003 |
SK-MaSNL |
| 005 |
20260318132637.0 |
| 008 |
090521c2008 xo wr p 000 c0ukr |
| 015 |
|
|
|a SNBRB2009/05
|
| 038 |
|
|
|a SVKPOCL
|
| 040 |
|
|
|a SVKPOCL
|b slo
|c SVKPOCL
|e AACR2
|
| 041 |
0 |
|
|a ukr
|
| 044 |
|
|
|a xo
|c SK
|
| 080 |
|
|
|a 316.022.4(=161.2)(437.6):061.2
|2 2001
|
| 080 |
|
|
|a 316.022.4(=161.25)(437.6):061.2
|2 2001
|
| 080 |
|
|
|a 061.2
|2 2001
|
| 080 |
|
|
|a 005.745
|2 2001
|
| 100 |
1 |
|
|a Varchol, Jozef,
|d 1950-
|4 aut
|9 28385
|
| 245 |
1 |
0 |
|a Rehional'na konferencija u Svydnyku
|c [avtor] -jv- ; Foto Josyfa Makary
|
| 300 |
|
|
|b Fotogr.
|
| 610 |
2 |
7 |
|a Zväz Rusínov-Ukrajincov Slovenskej republiky.
|b Regionálna rada (Svidník, Slovensko)
|2 svkpocl
|9 871776
|
| 610 |
2 |
7 |
|a Múzeum ukrajinskej kultúry (Svidník, Slovensko)
|2 svkpocl
|9 33119
|
| 650 |
0 |
7 |
|a Rusíni
|z Slovensko
|2 svkpocl
|9 336690
|
| 650 |
0 |
7 |
|a Ukrajinci
|z Slovensko
|2 svkpocl
|9 348197
|
| 650 |
0 |
7 |
|a konferencie
|2 svkpocl
|9 19221
|
| 651 |
|
7 |
|a Svidník (Slovensko)
|2 svkpocl
|9 28309
|
| 700 |
1 |
|
|a Makara, Jozef
|4 pht
|9 1037167
|
| 773 |
0 |
|
|t Nove žyttja
|g Roč. 58, č. 49-50 (2008), s. 1, 2
|
| 852 |
|
|
|a SVKPO
|b KIS3GCP
|
| 958 |
|
|
|a UK
|
| 958 |
|
|
|a SK
|
| 958 |
|
|
|a RN
|
| 999 |
|
|
|c 2141221
|d 2143151
|